000 01096nam a22002175i 4500
001 167663
003 ES-MaACL
005 20230906213554.0
008 050928s1869 xxu | |||||||| ||spa d
040 _aCAM
_bspa
_cCAM
100 1 _aVingut, Francisco Javier.
_9133785
245 1 3 _aEl maestro de inglés completo
_b: método práctico para aprender la lengua inglesa segun el sistema de Ollendorff ... /
_cpor Francisco Javier Vingut.
250 _aEd. enteramente ref., corr. y notablemente aum. por I. de Veitelle.
260 _aNueva York :
_bGeorge R. Lockwood,
_c[s.a.]
300 _a509 p. ;
_c19 cm.
596 _aAdvertencia del ed. fechada en 1868, y en verso de la port. consta la fecha 1869.
650 0 4 _aLengua inglesa-
_vMétodos.
_914282
700 1 _aVeitelle, I. de.
_9133588
852 _aES-MaACL
_jD-691
_z-- Enc. hol.
_z-- Legado M. de la Fuente
_z-- Enc. con 8 p. de "Libros de texto ... por George R. Lockwood", 1870
852 _aES-MaACL
_jF-13567
_z-- Enc. hol.
_z-- Legado Charro Hidalgo
_z-- Enc. con 7 p. de "Libros de texto ... por George R. Lockwood", [s.a.]
999 _c167663
_d167663